Loading...

Civic administration

Bibliographic Details
Language:Undetermined
Published: Canada : 1963 -
Subjects:
LEADER 00436nas a2200145Ia 4500
001 S1656
008 170811c99999999xx |||||||||||| ||und||
245 |a Civic administration 
260 |a Canada :  |c 1963 - 
300 |b  ill.   |c  cm. 
362 |a Began from year / volume 1963 
650 |v Periodicals. 
942 |c BV 
999 |c 184602  |d 184602 
952 |0 0  |1 0  |4 0  |7 0  |9 316937  |a LIB  |b LIB  |d 2017-08-13  |h 1963, Vol. 15  |p 110163  |r 2017-08-13  |w 2017-08-13  |x P(BV)  |y BV